Paris : Les noms de voies contenant un chiffre ou un nombre - Statistiques

Statistiques générales
  • Ce quiz a été pris 20 fois
  • Le résultat moyen est 6 sur 25
Statistiques - réponses
Hint Extra Hint Réponse % Correct
Rue des *** gares 10e 2
72%
Rue des *** Frères 18e 3
50%
Rue des *** vents 6e 4
50%
Rue des *** ponts 4e 2
39%
Rue des *** fils 3e 4
33%
Impasse des *** soeurs 11e 3
28%
Rue des *** Couronnes 11e 3
28%
Rue des *** Néthes 18e 2
22%
Passage des *** portes 20e 2
22%
Rue des *** avenues 13e 2
22%
Passage des *** soeurs 9e 2
22%
Rue des *** portes 5e 3
22%
Impasse des *** anges- 6e 2
17%
Rue des *** bornes 11e 3
17%
Rue des *** frères Peignot 15e 4
17%
Place des *** enfants d'Izieu 13e 44
17%
Rue des *** diamants 13e 5
17%
Place des *** martyrs du lycée Buffon 14e 5
17%
Rue des *** arpents 19e 7
17%
Rue des *** boules 1er 2
11%
Impasse des *** visages 1er 3
11%
Impasse du *** faubourg St Martin 10e 49
11%
Passage des *** pavillons 1er 2
6%
Impasse des *** cousins 17e 2
6%
Place des *** écus 1er 2
0%
Aucun quiz correspondant
Distribution des résultats
% des personnes avec chaque résultat
Percentile par nombre de réponses
Votre historique - résultats
Vous n’avez pas pris ce quiz